| 000 | 00748nam a22002537a 4500 | ||
|---|---|---|---|
| 001 | BR7375490 | ||
| 003 | BR-BrBNA | ||
| 005 | 20230928084425.0 | ||
| 007 | ta | ||
| 008 | 230509b bl.||||| |||| 00| 0 por d | ||
| 040 |
_aBR-BrBNA _bpor _cBiblioteca Nacional de Agricultura |
||
| 041 | _a(Por) | ||
| 072 | _aE10; E70 | ||
| 090 | _ E10 BR7375490 | ||
| 100 | 1 | _aReis, F.T. de S. | |
| 110 | 1 |
_aSecretaria da Agricultura, Commercio e Obras Publicas do Estado de Sao Paulo, Sao Paulo (Brasil). Servico de Publicacoes _98354 |
|
| 245 | 1 | _aContabilidade agricola | |
| 260 | 3 |
_aSao Paulo, SP (Brasil): _c1921. |
|
| 300 | _a75 p. | ||
| 650 | _aCONTABILIDADE | ||
| 650 | _aCUSTO DE PRODUCAO | ||
| 909 |
_a202309 _bLucia _c55 _dLucia Elande |
||
| 942 | _cBK | ||
| 999 |
_c18859 _d18859 |
||